000 00617nam a2200205Ia 4500
003 LDD
008 181029s9999 xx 000 0 und d
020 _a9788124602050
_c380.00
040 _cLDD
100 _aVictor, P. George
245 0 _aTeaching philosophy in 21st century
_cP. George Victor
260 _aNew Delhi
_bD.K. Printword
_c2002
300 _axv, 216p.
365 _b380.00
440 _aAndhra university philosophical studies
_v4
901 _a7408
_b24-08-2011
902 _a10286
_b26-08-2011
_cF
_dUPPAL
_e15
903 _aDiscount-15
_bReqst by : G. Thomas
942 _2ddc
_cBK
999 _c97285
_d97285